| 000 | 01351nam a2200361 a 4500 | ||
|---|---|---|---|
| 001 | mlg42474247 | ||
| 003 | KyBuM | ||
| 005 | 20241220164006.0 | ||
| 008 | 150821t20152014okua j 000 1 eng d | ||
| 020 | _a9781601303622 | ||
| 020 | _a9780794534363 (pbk.) | ||
| 040 |
_aKyBuM _cKyBuM |
||
| 082 | 1 | 4 |
_aF _215 |
| 082 | 1 | 4 |
_aFic _215 |
| 092 | _aJ DAVIDSON | ||
| 100 | 1 |
_aDavidson, Zanna. _95691251 |
|
| 245 | 1 | 0 |
_aMagic necklace / _cZanna Davidson ; illustrated by Barbara Bongini. |
| 260 |
_aTulsa, Okla. : _bEDC Pub., _c2015, c2014. |
||
| 264 |
_aTulsa, OK _bEDC Pub. _c2014 |
||
| 300 |
_a95 p. : _bcol. ill. ; _c21 cm. |
||
| 336 | _atext | ||
| 337 | _aunmediated | ||
| 338 | _avolume | ||
| 490 | 0 | _aFairy ponies | |
| 500 | _a"First published in the UK in 2014 by Usborne Publishing Ltd." | ||
| 520 | _a"Holly and her friend Puck, the fairy pony, are visiting the Pony Queen when a magical necklace is stolen from the palace. Can Puck and Holly help to track it down before the thief uses its magic?"--Back cover. | ||
| 521 | 2 |
_a4-8 _bMedialog, Inc. |
|
| 650 | 0 |
_aFairies _vJuvenile fiction. _95673688 |
|
| 650 | 0 |
_aPonies _vJuvenile fiction. _95691252 |
|
| 650 | 0 |
_aMagic _vJuvenile fiction. _95673690 |
|
| 700 | 1 |
_aBongini, Barbara, _eill. _95968492 |
|
| 942 |
_2ddc _cBOOK |
||
| 999 |
_c201054 _d201054 |
||